Christian unity. (Record no. 5830)

000 -LEADER
fixed length control field 00598nam a2200193 a 4500
001 - CONTROL NUMBER
control field :::00003572$&:&@@
003 - CONTROL NUMBER IDENTIFIER
control field OkBaRHE
005 - DATE AND TIME OF LATEST TRANSACTION
control field 20000607103307.0
008 - FIXED-LENGTH DATA ELEMENTS--GENERAL INFORMATION
fixed length control field s1982 j 000 0 eng u
040 ## - CATALOGING SOURCE
Transcribing agency
100 1# - MAIN ENTRY--PERSONAL NAME
Personal name Lloyd-Jones, D. M. (David Martyn).
245 10 - TITLE STATEMENT
Title Christian unity.
260 ## - PUBLICATION, DISTRIBUTION, ETC. (IMPRINT)
Place of publication, distribution, etc Grand Rapids, MI., :
Name of publisher, distributor, etc Baker Book House
Date of publication, distribution, etc 1982
300 ## - PHYSICAL DESCRIPTION
Extent 277 p. ;
Dimensions 23 cm.
650 ## - SUBJECT ADDED ENTRY--TOPICAL TERM
Topical term or geographic name as entry element Bible New Testament Ephesians 4
General subdivision Theology
650 ## - SUBJECT ADDED ENTRY--TOPICAL TERM
Topical term or geographic name as entry element Christian Union
942 ## - ADDED ENTRY ELEMENTS (KOHA)
Source of classification or shelving scheme
Koha item type Books
Copies
Price effective from Koha item type Damaged status Withdrawn status Barcode Copy number Source of classification or shelving scheme Shelving location Not for loan Lost status Date last seen Full call number Permanent Location Date acquired
2010-04-14Books  35721 General Stacks  2018-04-03BS 2695 .L56RHEMA Bible Training College2010-04-14